<?xml version="1.0" encoding="UTF-8"?>
<record
    xmlns:xsi="http://www.w3.org/2001/XMLSchema-instance"
    xsi:schemaLocation="http://www.loc.gov/MARC21/slim http://www.loc.gov/standards/marcxml/schema/MARC21slim.xsd"
    xmlns="http://www.loc.gov/MARC21/slim">

  <leader>02780nam a2200241Ia 4500</leader>
  <controlfield tag="003">OSt</controlfield>
  <controlfield tag="005">20240610114212.0</controlfield>
  <controlfield tag="008">210210b1994   xxu||||| |||| 00| 0 eng d</controlfield>
  <datafield tag="040" ind1=" " ind2=" ">
    <subfield code="c">AL</subfield>
  </datafield>
  <datafield tag="041" ind1=" " ind2=" ">
    <subfield code="a">Kannada</subfield>
  </datafield>
  <datafield tag="082" ind1=" " ind2=" ">
    <subfield code="a">K894.2 SHAA</subfield>
  </datafield>
  <datafield tag="100" ind1=" " ind2=" ">
    <subfield code="a">SHAKESPEARE (William).</subfield>
    <subfield code="d">&#xCB5;&#xCBF;&#xCB2;&#xCBF;&#xCAF;&#xC82; &#xCB7;&#xCC7;&#xC95;&#xCCD;&#xCB8;&#xCCD;&#x200C;&#xCAA;&#xCBF;&#xCAF;&#xCB0;&#xCCD; </subfield>
    <subfield code="9">169841</subfield>
  </datafield>
  <datafield tag="245" ind1=" " ind2=" ">
    <subfield code="a">Athensina arthavanta.</subfield>
    <subfield code="b">&#xC85;&#xCA5;&#xCC6;&#xCA8;&#xCCD;&#xCB8;&#xCCD;&#x200C;&#xCA8; &#xC85;&#xCB0;&#xCCD;&#xCA5;&#xCB5;&#xC82;&#xCA4;</subfield>
  </datafield>
  <datafield tag="260" ind1=" " ind2=" ">
    <subfield code="a">Sagara</subfield>
    <subfield code="b">Akshara Prakashana</subfield>
    <subfield code="c">1994</subfield>
  </datafield>
  <datafield tag="300" ind1=" " ind2=" ">
    <subfield code="a">101</subfield>
  </datafield>
  <datafield tag="520" ind1=" " ind2=" ">
    <subfield code="a">&#xCB7;&#xCC7;&#xC95;&#xCCD;&#xCB8;&#xCCD;&#x200C;&#xCAA;&#xCBF;&#xCAF;&#xCB0;&#xCCD; &#xCA8; &#xC87;&#xCA8;&#xCCD;&#xCA8;&#xCBE;&#xCB5;&#xCC1;&#xCA6;&#xCC7; &#xCA8;&#xCBE;&#xC9F;&#xC95;&#xCA6;&#xCB2;&#xCCD;&#xCB2;&#xCBF;&#xCAF;&#xCC7; &#xC86;&#xC97;&#xCB2;&#xCBF; &#xC95;&#xCBE;&#xCA3;&#xCBF;&#xCB8;&#xCA6; &#xC92;&#xC82;&#xCA6;&#xCC1; &#xCAA;&#xCCD;&#xCB0;&#xCAE;&#xCC1;&#xC96; &#xCB5;&#xCB8;&#xCCD;&#xCA4;&#xCC1; &#xC88; &#xCA8;&#xCBE;&#xC9F;&#xC95;&#xCA6;&#xCB2;&#xCCD;&#xCB2;&#xCBF;&#xCA6;&#xCC6;.  &#xC85;&#xCA6;&#xCC1; - &#xCB9;&#xCA3;. &#xC85;&#xCB9;&#xC82;&#xCAD;&#xCBE;&#xCB5;, &#xC95;&#xCC3;&#xCA4;&#xC98;&#xCCD;&#xCA8;&#xCA4;&#xCC6; &#xCAE;&#xCCA;&#xCA6;&#xCB2;&#xCBE;&#xCA6; &#xCAE;&#xCA8;&#xCC1;&#xCB7;&#xCCD;&#xCAF;&#xCA8; &#xCB8;&#xCCD;&#xCB5;&#xCAD;&#xCBE;&#xCB5;&#xC97;&#xCB3;&#xCBF;&#xC97;&#xCBF;&#xC82;&#xCA4; &#xCAE;&#xCBF;&#xC97;&#xCBF;&#xCB2;&#xCBE;&#xC97;&#xCBF; &#xCB9;&#xCA3;&#xCB5;&#xCC7; &#xC88; &#xCA8;&#xCBE;&#xC9F;&#xC95;&#xCA6; &#xCAA;&#xCBE;&#xCA4;&#xCCD;&#xCB0;&#xC97;&#xCB3;&#xCA8;&#xCCD;&#xCA8;&#xCC1; &#xC95;&#xCC1;&#xCA3;&#xCBF;&#xCB8;&#xCC1;&#xCA4;&#xCCD;&#xCA4;&#xCA6;&#xCC6;.  &#xCB6;&#xCC7;&#xC95;&#xCCD;&#x200D;&#xCB8;&#xCCD;&#xCAA;&#xCBF;&#xCAF;&#xCB0;&#xCCD; &#xC88; &#xCA8;&#xCBE;&#xC9F;&#xC95;&#xCB5;&#xCA8;&#xCCD;&#xCA8;&#xCC1; &#xCAC;&#xCB0;&#xCC6;&#xCA6; &#xC95;&#xCBE;&#xCB2;&#xCA6;&#xCB2;&#xCCD;&#xCB2;&#xCBF;&#xCAF;&#xCC7; &#xC87;&#xC82;&#xC97;&#xCCD;&#xCB2;&#xCC6;&#xC82;&#xCA1;&#xCBF;&#xCA8;&#xCB2;&#xCCD;&#xCB2;&#xCBF; &#xC8E;&#xCB2;&#xCBF;&#xC9C;&#xCAC;&#xCC6;&#xCA4;&#xCCD; &#xCB0;&#xCBE;&#xCA3;&#xCBF;&#xCAF; &#xC85;&#xCA7;&#xCBF;&#xC95;&#xCBE;&#xCB0; &#xCAE;&#xCC1;&#xC97;&#xCBF;&#xCA6;&#xCC1; &#xC92;&#xC82;&#xCA6;&#xCA8;&#xCC7; &#xC9C;&#xCC7;&#xCAE;&#xCCD;&#xCB8;&#xCCD;  &#xC85;&#xCA7;&#xCBF;&#xC95;&#xCBE;&#xCB0;&#xC95;&#xCCD;&#xC95;&#xCC6; &#xCAC;&#xC82;&#xCA6;.  &#xC85;&#xCB5;&#xCA8; &#xC86;&#xCB8;&#xCCD;&#xCA5;&#xCBE;&#xCA8;&#xCB5;&#xCC1; &#xCB5;&#xCC8;&#xCAD;&#xCB5;, &#xC85;&#xC82;&#xCA4;&#xCB8;&#xCCD;&#xCA4;&#xCC1;, &#xCA6;&#xCC1;&#xC82;&#xCA6;&#xCC1;&#xCB5;&#xCC6;&#xC9A;&#xCCD;&#xC9A; &#xCAE;&#xCCA;&#xCA6;&#xCB2;&#xCBE;&#xC97;&#xCBF; &#xC8E;&#xCB2;&#xCCD;&#xCB2; &#xCB0;&#xCC0;&#xCA4;&#xCBF;&#xCAF;&#xCBF;&#xC82;&#xCA6;&#xCB2;&#xCC2; &#xCB9;&#xCB3;&#xCA6;&#xCBF; &#xCB2;&#xCCB;&#xCB9;&#xCA6; &#xCB5;&#xCCD;&#xCAF;&#xCBE;&#xCAE;&#xCCB;&#xCB9;&#xC95;&#xCCD;&#xC95;&#xCC6; &#xCB5;&#xCBE;&#xCB2;&#xCA4;&#xCCA;&#xCA1;&#xC97;&#xCBF;&#xCA4;&#xCCD;&#xCA4;&#xCC1;.  &#xC87;&#xC82;&#xCA5; &#xC95;&#xCBE;&#xCB2;&#xCB5;&#xCC7; &#xCB6;&#xCC7;&#xC95;&#xCCD;&#x200D;&#xCB8;&#xCCD;&#xCAA;&#xCBF;&#xCAF;&#xCB0;&#xCA8;&#xCA8;&#xCCD;&#xCA8;&#xCC1; &#xC88; &#xCB5;&#xCB8;&#xCCD;&#xCA4;&#xCC1;&#xCB5;&#xCBF;&#xCA8; &#xCAC;&#xC97;&#xCCD;&#xC97;&#xCC6; &#xC95;&#xCC7;&#xC82;&#xCA6;&#xCCD;&#xCB0;&#xCC0;&#xC95;&#xCB0;&#xCBF;&#xCB8;&#xCC1;&#xCB5;&#xC82;&#xCA4;&#xCC6; &#xCAA;&#xCCD;&#xCB0;&#xC9A;&#xCCB;&#xCA6;&#xCBF;&#xCB8;&#xCBF;&#xCB0;&#xCAC;&#xCC7;&#xC95;&#xCC1;.  &#xC86;&#xCA6;&#xCB0;&#xCC6;, &#xC88; &#xCA8;&#xCBE;&#xC9F;&#xC95; &#xC87;&#xC82;&#xCA5; &#xCAF;&#xCBE;&#xCB5;&#xCC1;&#xCA6;&#xCC7; &#xCA8;&#xCBF;&#xCB0;&#xCCD;&#xCA6;&#xCBF;&#xCB7;&#xCCD;&#xC9F; &#xCB8;&#xCBE;&#xCAE;&#xCBE;&#xC9C;&#xCBF;&#xC95; &#xCB8;&#xC82;&#xCA6;&#xCB0;&#xCCD;&#xCAD;&#xCB5;&#xCA8;&#xCCD;&#xCA8;&#xCC1; &#xCAE;&#xCC0;&#xCB0;&#xCBF;&#xCA8;&#xCBF;&#xCB2;&#xCCD;&#xCB2;&#xCC1;&#xCB5; &#xC97;&#xCC1;&#xCA3;&#xCB5;&#xCA8;&#xCCD;&#xCA8;&#xCC2; &#xCAA;&#xCA1;&#xCC6;&#xCA6;&#xCBF;&#xCA6;&#xCC6;.  &#xC85;&#xCA6;&#xC95;&#xCCD;&#xC95;&#xCBE;&#xC97;&#xCBF;&#xCAF;&#xCC7; 19&#xCA8;&#xCC6;&#xCAF; &#xCB6;&#xCA4;&#xCAE;&#xCBE;&#xCA8;&#xCA6;&#xCB2;&#xCCD;&#xCB2;&#xCBF; &#xCAC;&#xC82;&#xCA6; &#xC95;&#xCBE;&#xCB0;&#xCCD;&#xCB2;&#xCCD; &#xCAE;&#xCBE;&#xCB0;&#xCCD;&#xC95;&#xCCD;&#xCB8;&#xCCD;, &#xCA4;&#xCA8;&#xCCD;&#xCA8; &#x2018;&#xC95;&#xCCD;&#xCAF;&#xCBE;&#xCAA;&#xCBF;&#xC9F;&#xCB2;&#xCCD;&#x2019; &#xC97;&#xCCD;&#xCB0;&#xC82;&#xCA5;&#xCA6;&#xCB2;&#xCCD;&#xCB2;&#xCBF; &#xCAC;&#xC82;&#xCA1;&#xCB5;&#xCBE;&#xCB3;&#xCB6;&#xCBE;&#xCB9;&#xCBF; &#xCB8;&#xCAE;&#xCBE;&#xC9C;&#xCA6; &#xCAC;&#xC97;&#xCCD;&#xC97;&#xCC6; &#xCAC;&#xCB0;&#xCC6;&#xCAF;&#xCC1;&#xCA4;&#xCCD;&#xCA4; &#x2018;&#xCB9;&#xCB3;&#xCA6;&#xCBF; &#xCB2;&#xCCB;&#xCB9;&#x2019;&#xCA6; &#xCAC;&#xC97;&#xCCD;&#xC97;&#xCC6; &#xCB6;&#xCC7;&#xC95;&#xCCD;&#x200D;&#xCB8;&#xCCD;&#xCAA;&#xCBF;&#xCAF;&#xCB0;&#xCA8; &#xC88; &#xCA8;&#xCBE;&#xC9F;&#xC95;&#xCA6; &#xCAE;&#xCBE;&#xCA4;&#xCC1;&#xC97;&#xCB3;&#xCA8;&#xCCD;&#xCA8;&#xCC1; &#xC89;&#xCA6;&#xCCD;&#xCA7;&#xCB0;&#xCBF;&#xCB8;&#xCBF;&#xCA6;&#xCCD;&#xCA6;&#xCBE;&#xCA8;&#xCC6;!</subfield>
  </datafield>
  <datafield tag="650" ind1=" " ind2=" ">
    <subfield code="a">Timon of Athens</subfield>
    <subfield code="9">169842</subfield>
  </datafield>
  <datafield tag="650" ind1=" " ind2=" ">
    <subfield code="a">&#xC9F;&#xCBF;&#xCAE;&#xCCA;&#xCA8;&#xCCD; &#xC86;&#xCAB;&#xCCD; &#xC85;&#xCA5;&#xCC6;&#xCA8;&#xCCD;&#xCB8;&#xCCD;</subfield>
    <subfield code="9">169849</subfield>
  </datafield>
  <datafield tag="690" ind1=" " ind2=" ">
    <subfield code="a">Kannada Drama</subfield>
    <subfield code="9">169843</subfield>
  </datafield>
  <datafield tag="700" ind1=" " ind2=" ">
    <subfield code="a">K V Subbanna.</subfield>
    <subfield code="d">&#xC95;&#xCC6;.&#xCB5;&#xCBF;. &#xCB8;&#xCC1;&#xCAC;&#xCCD;&#xCAC;&#xCA3;&#xCCD;&#xCA3; tr </subfield>
    <subfield code="9">169844</subfield>
  </datafield>
  <datafield tag="906" ind1=" " ind2=" ">
    <subfield code="a">048817</subfield>
  </datafield>
  <datafield tag="942" ind1=" " ind2=" ">
    <subfield code="2">ddc</subfield>
    <subfield code="c">BK</subfield>
  </datafield>
  <datafield tag="999" ind1=" " ind2=" ">
    <subfield code="c">97803</subfield>
    <subfield code="d">97803</subfield>
  </datafield>
  <datafield tag="952" ind1=" " ind2=" ">
    <subfield code="0">0</subfield>
    <subfield code="1">0</subfield>
    <subfield code="2">ddc</subfield>
    <subfield code="4">0</subfield>
    <subfield code="7">0</subfield>
    <subfield code="8">KAN</subfield>
    <subfield code="a">AL</subfield>
    <subfield code="b">AL</subfield>
    <subfield code="c">Kannada Literature</subfield>
    <subfield code="d">2021-02-17</subfield>
    <subfield code="g">40.00</subfield>
    <subfield code="l">0</subfield>
    <subfield code="o">K894.2 SHAA</subfield>
    <subfield code="p">048817</subfield>
    <subfield code="r">2021-02-17 00:00:00</subfield>
    <subfield code="w">2021-02-17</subfield>
    <subfield code="y">BK</subfield>
  </datafield>
</record>
